| 000 | 00362nam a2200145Ia 4500 | ||
|---|---|---|---|
| 008 | 240624s9999 xx 000 0 und d | ||
| 041 | _aeng | ||
| 082 | _a519.5 DAV | ||
| 100 | _aDAVIS GLYN | ||
| 245 | _aBUSINESS STATISTICS USING EXCEL | ||
| 250 | _a(2nd ed.) | ||
| 260 |
_c2015 _aNew Delhi _bOxford |
||
| 300 | _axvii, : 486 : p. : cm. ; 26 | ||
| 365 |
_cRS _b31 |
||
| 999 |
_c24921 _d24921 |
||